Statistics for Countries Closest to Alaska - 15 Second Sprint

Click here to take the quiz!

General Stats

  • This quiz has been taken 60 times
  • The average score is 6 of 20

Answer Stats

kmcountrymiles% Correct
0Canada0
100%
44Russia28
100%
2195Japan1364
61%
2689Mexico1671
55%
2677China1663
45%
4163Iceland2587
36%
3291North Korea2045
36%
4170Norway2591
33%
2135Greenland1327
30%
3703South Korea2301
27%
5169United Kingdom3212
21%
4289Finland2665
18%
3740Mongolia2324
18%
4407Sweden2739
18%
5200Taiwan3231
15%
5226Cuba3247
9%
5251Micronesia3263
3%
5165Bahamas3209
0%
4907Faroe Islands3049
0%
4644Marshall Islands2886
0%

Score Distribution

Percentile by Number Answered

Percent of People with Each Score

Your Score History

You have not taken this quiz